Detalles MARC
| 000 -LEADER |
| fixed length control field |
02007nam a2200445Ii 4500 |
| 001 - CONTROL NUMBER |
| control field |
DIGLOM01001 |
| 003 - CONTROL NUMBER IDENTIFIER |
| control field |
NyNyDIG |
| 006 - FIXED-LENGTH DATA ELEMENTS--ADDITIONAL MATERIAL CHARACTERISTICS |
| fixed length control field |
m o d |
| 007 - PHYSICAL DESCRIPTION FIXED FIELD--GENERAL INFORMATION |
| fixed length control field |
cr ||||||||||| |
| 008 - FIXED-LENGTH DATA ELEMENTS--GENERAL INFORMATION |
| fixed length control field |
120210s2010 cl ob 000 0 spa d |
| 020 ## - INTERNATIONAL STANDARD BOOK NUMBER |
| Canceled/invalid ISBN |
9789560001672 |
| 035 ## - SYSTEM CONTROL NUMBER |
| System control number |
(OCoLC)888270260 |
| 040 ## - CATALOGING SOURCE |
| Original cataloging agency |
DGITA |
| Language of cataloging |
eng |
| Description conventions |
pn |
| Transcribing agency |
DGITA |
| 041 1# - LANGUAGE CODE |
| Language code of text/sound track or separate title |
spa |
| Language code of original |
ger |
| 050 14 - LIBRARY OF CONGRESS CALL NUMBER |
| Classification number |
HB501 eBook |
| 100 1# - MAIN ENTRY--PERSONAL NAME |
| Personal name |
Marx, Karl, |
| Dates associated with a name |
1818-1883 |
| 240 10 - UNIFORM TITLE |
| Uniform title |
Kapital. Bd. 1, Der Produktionsprocess des Kapitals . |
| Language of a work |
Spanish |
| 245 13 - TITLE STATEMENT |
| Title |
El capital : |
| Remainder of title |
Crítica de la economía política |
| Number of part/section of a work |
Tomo primero. |
| -- |
Libro 1; |
| Name of part/section of a work |
Proceso de producción del capital / |
| Statement of responsibility, etc. |
Carlos Marx ; traducción de Cristián Fazio, redactor de la revisión en castellano Hugo Fazio |
| 246 3# - VARYING FORM OF TITLE |
| Title proper/short title |
Proceso de producción del capital |
| 250 ## - EDITION STATEMENT |
| Edition statement |
1a. ed. |
| 264 #1 - PRODUCTION, PUBLICATION, DISTRIBUTION, MANUFACTURE, AND COPYRIGHT NOTICE |
| Place of production, publication, distribution, manufacture |
Santiago de Chile, Chile : |
| Name of producer, publisher, distributor, manufacturer |
LOM Ediciones, |
| Date of production, publication, distribution, manufacture, or copyright notice |
2010. |
| 300 ## - PHYSICAL DESCRIPTION |
| Extent |
1 online resource (851 pages) |
| 336 ## - CONTENT TYPE |
| Content type term |
text |
| Content type code |
txt |
| Source |
rdacontent |
| 337 ## - MEDIA TYPE |
| Media type term |
computer |
| Media type code |
c |
| Source |
rdamedia |
| 338 ## - CARRIER TYPE |
| Carrier type term |
online resource |
| Carrier type code |
cr |
| Source |
rdacarrier |
| 500 ## - GENERAL NOTE |
| General note |
Translation of: Der Produktionsprocess des Kapitals. Das Kapital. : Kritik der politischen Ökonomie / von Karl Marx. Hrsg. von Friedrich Engels ; Bd. 1 = Buch 1. Hamburg : O. Meissner, 1890. 4. Aufl. |
| 500 ## - GENERAL NOTE |
| General note |
Translated from the fourth German edition by Cristian Fazio and revised by Hugo Facio. First published: Moscow: Editorial Progreso, 1990. Revised and updated in 2010 by Investigadores de la Corporación Plataforma Nexos for LOM Editores. |
| 504 ## - BIBLIOGRAPHY, ETC. NOTE |
| Bibliography, etc. note |
Includes notes and indexes. |
| 650 #0 - SUBJECT ADDED ENTRY--TOPICAL TERM |
| Topical term or geographic name entry element |
Capital |
| 650 #0 - SUBJECT ADDED ENTRY--TOPICAL TERM |
| Topical term or geographic name entry element |
Economics |
| 655 #0 - INDEX TERM--GENRE/FORM |
| Genre/form data or focus term |
Electronic books. |
| 700 1# - ADDED ENTRY--PERSONAL NAME |
| Personal name |
Fazio, Cristián |
| 700 1# - ADDED ENTRY--PERSONAL NAME |
| Personal name |
Fazio R., Hugo |
| Fuller form of name |
(Fazio Rigazzi) |
| 700 1# - ADDED ENTRY--PERSONAL NAME |
| Personal name |
Engels, Friedrich, |
| Dates associated with a name |
1820-1895 |
| 791 2# - |
| -- |
Digitalia (Firm), |
| -- |
distributor. |
| 793 0# - |
| -- |
Digitalia eBook Collection: |
| -- |
LOM Ediciones |
| 856 40 - ELECTRONIC LOCATION AND ACCESS |
| Materials specified |
Digitalia Hispánica |
| Uniform Resource Identifier |
<a href="https://www.digitaliapublishing.com/a/13171/">https://www.digitaliapublishing.com/a/13171/</a> |
| 910 ## - USER-OPTION DATA (OCLC) |
| User-option data |
Premium Collection: 2007-2012 |
| 942 ## - ADDED ENTRY ELEMENTS (KOHA) |
| Koha item type |
Recurso Electrónico |